[Event "European Blitz 2022"]
[Site "Katowice POL"]
[Date "2022.12.16"]
[Round "18.29"]
[White "Gaehwiler, Gabriel"]
[Black "Seemann, Jakub"]
[Result "1-0"]
[WhiteTitle "IM"]
[BlackTitle "FM"]
[WhiteElo "2408"]
[BlackElo "2365"]
[WhiteFideId "1314530"]
[BlackFideId "21874697"]
[EventDate "2022.12.16"]

1. d4 Nf6 2. c4 c5 3. Nf3 cxd4 4. Nxd4 e5 5. Nf3 Nc6 6. g3 d5 7. Bg2 Bb4+ 8. Bd2
dxc4 9. O-O Bxd2 10. Nbxd2 c3 11. bxc3 O-O 12. Nc4 Qc7 13. Qd6 Qxd6 14. Nxd6 Rd8
15. Rfd1 Be6 16. Ng5 Rab8 17. Nxb7 Rxd1+ 18. Rxd1 Rxb7 19. Bxc6 Rb8 20. Nxe6
fxe6 21. c4 Kf7 22. Rd2 Ke7 23. Kg2 a6 24. h3 Rc8 25. Bb7 Rxc4 26. Bxa6 Ra4 27.
Bb5 Ra3 28. Bc4 g5 29. Bb3 h5 30. Kf3 g4+ 31. hxg4 hxg4+ 32. Ke3 Ra8 33. Kd3 Ra7
34. a4 Rb7 35. Bc4 Rd7+ 36. Ke3 Rc7 37. Bb3 Rb7 38. Rd3 Ra7 39. f3 Rb7 40. Rc3
Ra7 41. Kd2 Rb7 42. Kc2 e4 43. fxe4 Nxe4 44. Rc4 Nf6 45. Rc6 Kf7 46. Rxe6 Kg7
47. Re5 Kg6 48. a5 Rc7+ 49. Kb2 Ra7 50. Bc4 Nh7 51. Bd3+ Kf6 52. Rb5 Nf8 53. Ka3
Nd7 54. Kb4 Ne5 55. Rb6+ Kg5 56. Be4 Rd7 57. e3 Rd2 58. Re6 Nd7 59. a6 Rb2+ 60.
Kc3 Ra2 61. Rg6+ Kh5 62. Rc6 Ra3+ 63. Kd2 Ra2+ 64. Kc1 Nb8 65. Rc5+ Kh6 66. Bb7
Ra3 67. Kb2 Ra4 68. Rc8 Nxa6 69. Rc6+ Kg5 70. Bxa6 Re4 71. Rc3 Re7 72. Bc4 Rh7
73. e4 Rh2+ 74. Kb3 Rf2 75. Bd5 Rf1 76. Kc4 Rf8 77. Kd4 Rd8 78. Ke5 Re8+ 79. Be6
Rh8 80. Rc7 Ra8 81. Rg7+ Kh6 82. Rxg4 Ra5+ 83. Bd5 Ra7 84. Kf6 1-0

[Event "European Blitz 2022"]
[Site "Katowice POL"]
[Date "2022.12.16"]
[Round "18.30"]
[White "Peyrer, Konstantin"]
[Black "Kracht, Raphael"]
[Result "1-0"]
[WhiteTitle "FM"]
[WhiteElo "2380"]
[BlackElo "2124"]
[WhiteFideId "1640879"]
[BlackFideId "16214382"]
[EventDate "2022.12.16"]

1. Nf3 d5 2. d4 Nf6 3. c4 e6 4. Nc3 dxc4 5. e4 Bb4 6. Bxc4 Nxe4 7. O-O Nxc3 8.
bxc3 Be7 9. Qd3 O-O 10. Qe4 Nd7 11. Bd3 Nf6 12. Qh4 c5 13. Re1 b6 14. Bg5 h6 15.
Bxh6 gxh6 16. Qxh6 Bb7 17. Re5 Ne4 18. Rh5 1-0

[Event "European Blitz 2022"]
[Site "Katowice POL"]
[Date "2022.12.16"]
[Round "18.31"]
[White "Czernek, Tymon"]
[Black "Wieczorek, Oskar"]
[Result "0-1"]
[WhiteTitle "FM"]
[BlackTitle "GM"]
[WhiteElo "2302"]
[BlackElo "2504"]
[WhiteFideId "1199510"]
[BlackFideId "1133950"]
[EventDate "2022.12.16"]

1. e4 c5 2. Nf3 e6 3. d4 cxd4 4. Nxd4 Nf6 5. Nc3 d6 6. Be3 a6 7. f4 Qc7 8. Be2
Be7 9. Qd2 b5 10. Bf3 Bb7 11. a3 Nbd7 12. O-O Nc5 13. e5 dxe5 14. fxe5 Nfe4 15.
Nxe4 Nxe4 16. Qd3 Nc5 17. Qc3 Bxf3 18. Rxf3 Rc8 19. Raf1 O-O 20. Bf4 Na4 21.
Qxc7 Rxc7 22. b3 Nc3 23. b4 Nd5 24. Bc1 Rc4 25. Bb2 Rcc8 26. h3 Bg5 27. Re1 Rc4
28. Re2 Rfc8 29. Kf1 Bc1 30. Ba1 Bg5 31. Ke1 Bd8 32. Kd1 Bb6 33. Nb3 h6 34. Bb2
R4c7 35. Kc1 Rc4 36. Kb1 Nf4 37. Nd2 Nxe2 0-1

[Event "European Blitz 2022"]
[Site "Katowice POL"]
[Date "2022.12.16"]
[Round "18.32"]
[White "Livaic, Leon"]
[Black "Mitusov, Semen"]
[Result "1-0"]
[WhiteTitle "GM"]
[BlackTitle "IM"]
[WhiteElo "2572"]
[BlackElo "2397"]
[WhiteFideId "14531534"]
[BlackFideId "14151049"]
[EventDate "2022.12.16"]

1. e4 e5 2. f4 exf4 3. Nf3 d5 4. exd5 Nf6 5. Bb5+ c6 6. dxc6 Nxc6 7. Nc3 Bd6 8.
Qe2+ Be6 9. Nd4 O-O 10. Nxe6 fxe6 11. Bxc6 bxc6 12. b3 e5 13. Bb2 e4 14. O-O-O
Re8 15. Qc4+ Kh8 16. Rde1 Qe7 17. Re2 e3 18. dxe3 fxe3 19. Nd1 Nd5 20. Kb1 Rac8
21. Rhe1 Bb4 22. Rf1 Rf8 23. Rxf8+ Rxf8 24. Qxc6 Qg5 25. a3 Be7 26. Nc3 Nf6 27.
Qe6 Bc5 28. Na4 h6 29. Nxc5 Qxc5 30. Qxe3 Qc7 31. Qe5 Qd7 32. Qd4 Qc7 33. h3 Rd8
34. Qc3 Qf4 35. Ka2 Qd6 36. Qb4 Qc6 37. Bxf6 Qxf6 38. Qe7 Qd4 39. Qe3 Qd7 40. a4
Rc8 41. Kb2 Qd5 42. Qe5 Qd7 43. c4 Rf8 44. Qc3 Qd1 45. Rd2 Qe1 46. Rc2 Qg1 47.
c5 Rc8 48. c6 Qb6 49. c7 a5 50. Qc5 Qf6+ 51. Ka2 Qa6 52. Qd5 Qf6 53. Qxa5 Qg6
54. Qc3 Qb6 55. Qc6 Qa5 56. Ka3 Qe5 57. Qc5 Qa1+ 58. Kb4 Qe1+ 59. Qc3 Qe4+ 60.
Ka3 Qe7+ 61. Qc5 Qe1 62. Qc3 Qe7+ 63. b4 Qd6 64. a5 Qe6 65. b5 Qe7+ 66. Qc5 Qe1
67. b6 Qa1+ 68. Kb4 Qb1+ 69. Ka4 Qa1+ 70. Kb5 Qf1+ 71. Qc4 Qb1+ 72. Ka6 Qe1 73.
b7 1-0

[Event "European Blitz 2022"]
[Site "Katowice POL"]
[Date "2022.12.16"]
[Round "18.33"]
[White "Tazbir, Marcin"]
[Black "Dobrovoljc, Vid"]
[Result "1/2-1/2"]
[WhiteTitle "GM"]
[BlackTitle "FM"]
[WhiteElo "2508"]
[BlackElo "2384"]
[WhiteFideId "1122452"]
[BlackFideId "14609843"]
[EventDate "2022.12.16"]

1. c4 Nf6 2. g3 e6 3. Bg2 d5 4. Nf3 dxc4 5. Qa4+ Bd7 6. Qxc4 c5 7. Ne5 Qc8 8.
O-O Nc6 9. Nxd7 Qxd7 10. Qa4 Nd5 11. Nc3 Be7 12. d3 O-O 13. Nxd5 exd5 14. Bd2
Rfd8 15. Rfe1 Bf6 16. Rab1 Rac8 17. a3 b6 18. b4 cxb4 19. axb4 Qe6 20. b5 Na5
21. e4 dxe4 22. Bxe4 Qd6 23. Rbc1 Rxc1 24. Rxc1 Bd4 25. Bf4 Be5 26. Be3 g6 27.
d4 Bg7 28. d5 Qe5 29. Bf3 h5 30. h4 Kh7 31. Kg2 Bh6 32. Bxh6 Kxh6 33. Qc2 Rd7
34. Qc8 Rd6 35. Qf8+ Kh7 36. Qxf7+ Qg7 37. Rc7 Qxf7 38. Rxf7+ Kh6 39. Rxa7 Nb3
40. Ra4 Kg7 41. g4 hxg4 42. Rxg4 Nd2 43. Rd4 Nb3 44. Re4 Kf6 45. Re8 Nd2 46. Rc8
Nxf3 47. Rc6 Nxh4+ 48. Kg3 Nf5+ 49. Kf4 Ke7 50. Ke5 Rxc6 51. dxc6 Nd6 52. c7 Kd7
53. Kf6 Nxb5 54. Kxg6 Nd4 55. f4 b5 56. f5 Nxf5 57. Kxf5 b4 58. Ke4 Kxc7 59. Kd3
Kb6 60. Kc4 Ka5 61. Kb3 Kb5 62. Kb2 Kc4 1/2-1/2

[Event "European Blitz 2022"]
[Site "Katowice POL"]
[Date "2022.12.16"]
[Round "18.34"]
[White "Kosakowski, Jakub"]
[Black "Molenda, Marcin"]
[Result "1-0"]
[WhiteTitle "IM"]
[BlackTitle "FM"]
[WhiteElo "2475"]
[BlackElo "2381"]
[WhiteFideId "1185080"]
[BlackFideId "1173065"]
[EventDate "2022.12.16"]

1. e4 c5 2. Nf3 e6 3. d4 cxd4 4. Nxd4 a6 5. Bd3 Nf6 6. O-O Qc7 7. Qe2 d6 8. f4
Nbd7 9. c4 g6 10. Nc3 Bg7 11. Be3 O-O 12. Nf3 Re8 13. Rad1 b6 14. Kh1 Bb7 15.
Bg1 Rac8 16. Rc1 Qb8 17. h3 Qa8 18. Rfe1 Nc5 19. Bb1 Nh5 20. Bh2 Bh6 21. Qd2 e5
22. Qxd6 exf4 23. Nd5 Bxd5 24. exd5 Ng3+ 25. Kg1 Qa7 26. Ne5 Bf8 27. Qf6 b5 28.
Qxf4 Nce4+ 29. Qe3 Bc5 30. Ng4 h5 31. Qxc5 Qxc5+ 32. Ne3 Nf5 33. Bf4 g5 34. b4
Qa7 35. c5 gxf4 36. Nxf5 Nf6 37. d6 Kf8 38. Ne7 Rcd8 39. Nc6 Qd7 40. Nxd8 Rxd8
41. Re5 Qc6 42. Rf5 Kg7 43. Rg5+ Kh6 44. Rf5 Nd5 45. Be4 Re8 46. Bxd5 Qd7 47.
Rxf7 Qd8 48. d7 Re2 49. Bf3 Rd2 50. c6 Qb6+ 51. Kh1 Qf2 52. c7 Rc2 53. Rg1 Rc3
54. d8=Q 1-0

[Event "European Blitz 2022"]
[Site "Katowice POL"]
[Date "2022.12.16"]
[Round "18.35"]
[White "Blohberger, Felix"]
[Black "Suder, Jakub"]
[Result "1/2-1/2"]
[WhiteTitle "GM"]
[BlackTitle "FM"]
[WhiteElo "2490"]
[BlackElo "2244"]
[WhiteFideId "1632051"]
[BlackFideId "1195310"]
[EventDate "2022.12.16"]

1. d4 d5 2. c4 e6 3. Nc3 a6 4. cxd5 exd5 5. Bf4 c6 6. e3 Bd6 7. Qf3 Bxf4 8. Qxf4
Qf6 9. Qc7 Nd7 10. Bd3 Ne7 11. Nf3 O-O 12. O-O Re8 13. e4 Nf8 14. Rfe1 Ne6 15.
Qg3 Nxd4 16. Nxd4 Qxd4 17. exd5 Bd7 18. Rad1 Qb4 19. dxc6 Bxc6 20. Ne4 Ng6 21.
Nc3 Qxb2 22. Rxe8+ Rxe8 23. Bxg6 hxg6 24. h3 Qc2 25. Rf1 Rd8 26. Qc7 Re8 27. Nd5
Qe4 28. Ne3 Qe6 29. a3 Rc8 30. Qa5 Qb3 31. Rc1 Re8 32. Qc5 Qb2 33. Rc2 Qb1+ 34.
Rc1 Qb2 35. Rc2 Qa1+ 36. Rc1 Qa2 37. Rc2 Qe6 38. Rd2 Qe4 39. Rd4 Qb1+ 40. Rd1
Qe4 41. Rd4 Qe7 42. Qc3 Rd8 43. Rxd8+ Qxd8 44. Kf1 Qd6 45. Kg1 Qf4 46. Qd3 Qf6
47. f3 Qa1+ 48. Kf2 Qb2+ 49. Kg3 Qe5+ 50. Kf2 Qe7 51. Qc3 Bb5 52. Kg1 Qd7 53.
Kf2 Qd6 54. Qc8+ Qf8 55. Qc3 Bc6 56. Kg1 Qd8 57. Kf2 Qd7 58. Kg1 b5 59. Qc5 Bb7
60. Qb6 Qc8 61. Kf2 Bc6 62. Qc5 Bd7 63. Qb6 Be6 64. Qd4 a5 65. Qb6 Qc3 66. Qd8+
Kh7 67. Qh4+ Kg8 68. Qd8+ Kh7 69. Qh4+ Kg8 1/2-1/2

[Event "European Blitz 2022"]
[Site "Katowice POL"]
[Date "2022.12.16"]
[Round "18.36"]
[White "Piesik, Piotr"]
[Black "Stefansson, Hannes"]
[Result "0-1"]
[WhiteTitle "IM"]
[BlackTitle "GM"]
[WhiteElo "2420"]
[BlackElo "2526"]
[WhiteFideId "1136194"]
[BlackFideId "2300087"]
[EventDate "2022.12.16"]

1. Nf3 Nf6 2. g3 b5 3. Bg2 Bb7 4. O-O e6 5. d3 c5 6. a4 b4 7. e4 Be7 8. Nbd2 d6
9. a5 O-O 10. Nb3 a6 11. Nfd2 Nbd7 12. e5 Bxg2 13. exf6 Bxf1 14. fxe7 Qxe7 15.
Qxf1 d5 16. f4 Rac8 17. Nf3 e5 18. Nxe5 Nxe5 19. fxe5 Qxe5 20. Rb1 c4 21. Bf4
Qf6 22. Nd2 Qc6 23. Nf3 Qc5+ 24. Qf2 Qxa5 25. Qd4 Rfe8 26. Rf1 Qc5 27. Qxc5 Rxc5
28. Nd4 a5 29. Ra1 Ra8 30. Ra4 f6 31. h4 Kf7 32. Kf2 Rcc8 33. Ke2 Re8+ 34. Kd2
Rec8 35. Nf5 Rc6 36. Nd4 Rcc8 37. c3 bxc3+ 38. bxc3 cxd3 39. Kxd3 h5 40. Nb3 Rg8
41. Rxa5 Rxa5 42. Nxa5 g5 43. hxg5 fxg5 44. Bc7 Rc8 45. Be5 Ke6 46. Bd4 h4 47.
gxh4 gxh4 48. Ke2 h3 49. Bg1 Rxc3 50. Kf2 d4 51. Nb7 Kd5 52. Nd8 Rc2+ 53. Kf3 h2
54. Bxh2 Rxh2 55. Nf7 d3 56. Ng5 d2 0-1

[Event "European Blitz 2022"]
[Site "Katowice POL"]
[Date "2022.12.16"]
[Round "18.37"]
[White "Drazic, Sinisa"]
[Black "Costachi, Mihnea"]
[Result "0-1"]
[WhiteTitle "GM"]
[BlackTitle "IM"]
[WhiteElo "2372"]
[BlackElo "2476"]
[WhiteFideId "901172"]
[BlackFideId "1217518"]
[EventDate "2022.12.16"]

1. d4 Nf6 2. Bg5 d5 3. Nd2 g6 4. e3 Bg7 5. Ngf3 c6 6. Bd3 Qb6 7. Rb1 h6 8. Bf4
c5 9. c3 Nc6 10. h3 O-O 11. O-O Re8 12. Qe2 Nh5 13. Bh2 e5 14. dxe5 Nxe5 15.
Nxe5 Bxe5 16. Bxe5 Rxe5 17. Qf3 Qf6 18. b4 cxb4 19. cxb4 Bf5 20. Bxf5 Rxf5 21.
Qe2 Re8 22. Qd3 Rg5 23. Kh1 Ng7 24. Nf3 Rh5 25. Nd4 Re4 26. f3 Reh4 27. f4 Rxh3+
28. Kg1 Qh4 0-1

[Event "European Blitz 2022"]
[Site "Katowice POL"]
[Date "2022.12.16"]
[Round "18.38"]
[White "Pein, Jonathan"]
[Black "Plichta, Kamil"]
[Result "0-1"]
[WhiteTitle "CM"]
[BlackTitle "FM"]
[WhiteElo "2252"]
[BlackElo "2394"]
[WhiteFideId "417092"]
[BlackFideId "1141830"]
[EventDate "2022.12.16"]

1. e4 g6 2. g3 d5 3. exd5 Qxd5 4. Qf3 Qd7 5. Bg2 Nf6 6. Ne2 Bg7 7. O-O c5 8.
Nbc3 Nc6 9. Nf4 O-O 10. d3 Nd4 11. Qd1 e6 12. h3 Rb8 13. Re1 b6 14. a4 Bb7 15.
Ne4 Nxe4 16. dxe4 Rfd8 17. c3 Nc6 18. Qe2 Na5 19. Be3 Qc7 20. Rad1 c4 21. f3 Bc6
22. Ra1 Rd7 23. Bf1 Rbd8 24. h4 Bf8 25. h5 Bb7 26. hxg6 hxg6 27. Rad1 Bc5 28.
Bxc5 Qxc5+ 29. Kg2 Bc6 30. Rxd7 Rxd7 31. Rd1 Bxa4 32. Rxd7 Bxd7 33. Qd2 Qc7 34.
Ne2 Be8 35. Qd4 e5 36. Qe3 Nb3 37. f4 exf4 38. gxf4 b5 39. f5 Bc6 40. Ng3 Qe5
41. fxg6 fxg6 42. Qxa7 Bxe4+ 43. Kh2 Nc5 44. Bh3 Bf5 45. Qa8+ Kg7 46. Bxf5 gxf5
47. Qa7+ Kf6 48. Qb6+ Kg5 49. Qd8+ Kg4 50. Qd1+ Kg5 51. Qh5+ Kf6 52. Qh8+ Ke6
53. Qe8+ Kd6 54. Qb8+ Kd5 55. Qxb5 f4 56. Nf1 Qe2+ 57. Kg1 Qg4+ 58. Kf2 Qf5 59.
Qa5 Qc2+ 60. Kg1 Qxb2 61. Qd8+ Kc6 62. Qc8+ Kb6 63. Qd8+ Ka6 64. Qd6+ Qb6 65.
Qxf4 Nd3+ 66. Qd4 Qg6+ 67. Kh2 Qh5+ 68. Kg2 Qe2+ 69. Kg1 Qe6 70. Ne3 Ne5 71. Kf2
Qf7+ 72. Ke2 Qh5+ 73. Kf2 Nd3+ 74. Kg3 Qg5+ 75. Ng4 Kb5 76. Qd7+ Ka5 77. Qa7+
Kb5 78. Qb7+ Ka4 79. Qa7+ Kb3 80. Qd4 Qd2 81. Ne3 Qe1+ 82. Kg4 Qe2+ 83. Kf5 Nb2
84. Nd5 Qf3+ 85. Ke6 Qf8 86. Qb6+ Ka2 87. Nb4+ Ka3 88. Nd5 Qe8+ 89. Kd6 Qg6+ 90.
Kc5 Na4+ 91. Kd4 0-1

[Event "European Blitz 2022"]
[Site "Katowice POL"]
[Date "2022.12.16"]
[Round "18.39"]
[White "Paehtz, Thomas"]
[Black "Marn, Jan"]
[Result "0-1"]
[WhiteTitle "GM"]
[BlackTitle "FM"]
[WhiteElo "2339"]
[BlackElo "2332"]
[WhiteFideId "4611349"]
[BlackFideId "14619245"]
[EventDate "2022.12.16"]

1. e4 e5 2. Bc4 Nf6 3. d3 Nc6 4. Nf3 Bc5 5. c3 d6 6. Bb3 h6 7. Nbd2 Bb6 8. Nc4
O-O 9. h3 Ne7 10. Nxb6 axb6 11. Be3 Ng6 12. Qe2 b5 13. Bc2 c6 14. g4 Be6 15. a3
Kh7 16. g5 Nh5 17. gxh6 Nhf4 18. Qd2 gxh6 19. O-O-O c5 20. h4 Bg4 21. h5 Bxf3
22. hxg6+ fxg6 23. d4 cxd4 24. cxd4 Bxh1 25. Rxh1 Rc8 26. Kb1 h5 27. f3 Qc7 28.
Bb3 Qg7 29. Rd1 Rfd8 30. Qa5 Qd7 31. dxe5 Ng2 32. Bg5 Qc6 33. Bxd8 Ne3 34. Rg1
dxe5 35. Bg5 Nc4 36. Qb4 Qd7 37. Qe7+ Qxe7 38. Bxe7 Nd2+ 39. Ka2 Nxf3 40. Rg3
Nd4 41. Bf7 Rc6 42. Bd5 Rb6 43. Bc5 Rf6 44. Bxd4 exd4 45. e5 Rf5 46. Be4 Rxe5
47. Bxg6+ Kh6 48. Bd3 Re3 49. Rxe3 dxe3 50. Kb3 Kg5 51. Kc2 Kf4 52. Kd1 h4 53.
Bxb5 h3 54. Bf1 h2 55. Bg2 0-1

[Event "European Blitz 2022"]
[Site "Katowice POL"]
[Date "2022.12.16"]
[Round "18.40"]
[White "Thorfinnsson, Bjorn"]
[Black "Luczak, Filip"]
[Result "0-1"]
[WhiteTitle "IM"]
[BlackTitle "FM"]
[WhiteElo "2374"]
[BlackElo "2326"]
[WhiteFideId "2300982"]
[BlackFideId "1193686"]
[EventDate "2022.12.16"]

1. d4 g6 2. Nf3 Bg7 3. Bg5 c5 4. e3 cxd4 5. exd4 Qb6 6. b3 Nc6 7. c3 Nf6 8. Bd3
d6 9. h3 O-O 10. O-O e5 11. dxe5 dxe5 12. Nbd2 Nd5 13. Rc1 h6 14. c4 Ndb4 15.
Be3 Qa5 16. Bb1 f5 17. c5 Be6 18. Nc4 Bxc4 19. Rxc4 Rad8 20. Qe2 e4 21. Nh4 Kh7
22. g3 Ne5 23. Rcc1 Nbd3 24. Rcd1 Nxc5 25. Bd4 Ncd3 26. Bxe5 Nxe5 27. Ng2 Nf3+
28. Kh1 Rxd1 29. Rxd1 Rd8 30. Ne3 Rxd1+ 31. Qxd1 Qc5 32. g4 Bd4 33. gxf5 Bxe3
34. fxg6+ Kxg6 35. Bxe4+ Kg7 36. Qxf3 Bxf2 37. Bxb7 Qc1+ 0-1

[Event "European Blitz 2022"]
[Site "Katowice POL"]
[Date "2022.12.16"]
[Round "18.41"]
[White "Vedrickas, Tautvydas"]
[Black "Jarmula, Lukasz"]
[Result "0-1"]
[WhiteTitle "FM"]
[BlackTitle "GM"]
[WhiteElo "2358"]
[BlackElo "2469"]
[WhiteFideId "12802654"]
[BlackFideId "1160664"]
[EventDate "2022.12.16"]

1. d4 Nf6 2. c4 c5 3. d5 g6 4. Nc3 Bg7 5. e4 d6 6. f3 e6 7. Nge2 exd5 8. cxd5
O-O 9. Bg5 h6 10. Be3 a6 11. Qd2 b5 12. Ng3 b4 13. Nd1 h5 14. Be2 h4 15. Nf1
Nbd7 16. Bg5 h3 17. g4 Ne5 18. Nfe3 Nxe4 19. Bxd8 Nxd2 20. Kxd2 Rxd8 21. f4 Nd7
22. Nc4 Nf6 23. Nde3 a5 24. Bf3 a4 25. Rae1 Ne8 26. Kc1 Ba6 27. Be2 Bd4 28. Nc2
b3 29. axb3 axb3 30. N2a3 Rab8 31. Bd3 Nf6 32. g5 Nxd5 33. f5 Nb4 34. Bb1 d5 35.
Ne5 Na2+ 36. Kd2 Bxb2 37. Nc6 Bc3+ 0-1

[Event "European Blitz 2022"]
[Site "Katowice POL"]
[Date "2022.12.16"]
[Round "18.42"]
[White "Kastelik, Adrian"]
[Black "Cherniaiev, Tykhon"]
[Result "0-1"]
[BlackTitle "FM"]
[WhiteElo "2091"]
[BlackElo "2330"]
[WhiteFideId "1134701"]
[BlackFideId "14182360"]
[EventDate "2022.12.16"]

1. e4 e5 2. Nf3 Nc6 3. c3 d5 4. Qa4 dxe4 5. Nxe5 Nf6 6. Nxc6 bxc6 7. Qxc6+ Bd7
8. Qa6 Bd6 9. d3 O-O 10. dxe4 Nxe4 11. Be3 Re8 12. Be2 Qh4 13. Qc4 Rab8 14. g3
Qh3 15. Bf3 Ng5 16. Bc6 Bxc6 17. Qxc6 Re6 18. Qd5 Re5 19. Qd1 Qg2 20. Rf1 Nf3+
21. Ke2 Rxb2+ 22. Nd2 Rxd2+ 23. Qxd2 Nxd2 24. Kxd2 Bc5 25. Rab1 Bxe3+ 26. Kd3
Qd5+ 27. Kc2 Qxa2+ 28. Kd3 Qd2+ 29. Kc4 Rc5+ 30. Kb3 Qxc3+ 31. Ka2 Ra5# 0-1

[Event "European Blitz 2022"]
[Site "Katowice POL"]
[Date "2022.12.16"]
[Round "18.43"]
[White "Minald, Andrey"]
[Black "Psyk, Radoslaw"]
[Result "0-1"]
[WhiteElo "2091"]
[BlackElo "2438"]
[WhiteFideId "13506854"]
[BlackFideId "1182838"]
[EventDate "2022.12.16"]

1. c4 e5 2. Nc3 d6 3. g3 f5 4. Bg2 Nf6 5. e3 Be7 6. b3 O-O 7. Bb2 c6 8. Nge2 Be6
9. d4 e4 10. Qd2 d5 11. cxd5 cxd5 12. O-O Bf7 13. a3 Na6 14. b4 Nc7 15. Rac1 Ne6
16. f4 Bh5 17. h3 Kh8 18. Na4 b6 19. Nac3 Qd7 20. Qc2 Rac8 21. Qb3 Rc4 22. Nb1
Bxe2 23. Rfe1 Bd3 24. Nd2 Rxc1 25. Rxc1 Rc8 26. Bc3 Bb5 27. Qb2 Ne8 28. Kf2 Nd6
29. g4 Bh4+ 30. Kg1 Be7 31. g5 Nc4 32. Nxc4 Bxc4 33. h4 Qa4 34. Bh3 g6 35. Kf2
Qb3 36. Bg2 Qxb2+ 37. Bxb2 Rc7 38. Bf1 Bxf1 39. Kxf1 Rxc1+ 40. Bxc1 Kg8 41. Ke2
a6 42. Kd2 Nc7 43. Kc3 Kf7 44. Bd2 Ke6 45. Be1 Kd6 46. Bd2 Kc6 47. Kb3 Nb5 48.
Be1 Nd6 49. Bd2 Nc4 50. Bc1 a5 51. bxa5 bxa5 52. Ka4 Kb6 53. Kb3 Kb5 54. a4+ Kc6
55. Kc3 Ba3 56. Bxa3 Nb6 0-1

[Event "European Blitz 2022"]
[Site "Katowice POL"]
[Date "2022.12.16"]
[Round "18.44"]
[White "Kirk, Ezra"]
[Black "Hasterok, Mateusz"]
[Result "0-1"]
[WhiteTitle "IM"]
[WhiteElo "2432"]
[BlackElo "2162"]
[WhiteFideId "600067"]
[BlackFideId "21822352"]
[EventDate "2022.12.16"]

1. b3 e5 2. Bb2 Nc6 3. e3 a6 4. Nf3 d6 5. c4 g6 6. Nc3 Bg7 7. h4 Bg4 8. Be2 f5
9. Ng5 Bxe2 10. Qxe2 Qd7 11. O-O-O h6 12. Nf3 e4 13. Ne1 Nge7 14. d4 O-O-O 15.
Kb1 Kb8 16. Rc1 Rhf8 17. g3 Ng8 18. Nc2 Nf6 19. b4 Ng4 20. a4 g5 21. hxg5 hxg5
22. b5 Na7 23. Nb4 a5 24. Nbd5 Nc8 25. f3 exf3 26. Qxf3 c6 27. c5 dxc5 28. bxc6
bxc6 29. Rh7 cxd5 30. Nb5 c4 31. e4 fxe4 32. Qa3 Nf6 33. Rhh1 Qe7 34. Qc3 Qb4
35. Qc2 Nb6 36. Nc3 Qb3 37. Qd2 e3 38. Qxe3 Ne4 39. Rh7 Nxa4 40. Rc2 Rf1+ 0-1

[Event "European Blitz 2022"]
[Site "Katowice POL"]
[Date "2022.12.16"]
[Round "18.45"]
[White "Rog, Bartlomiej"]
[Black "Monroy, Charles"]
[Result "1-0"]
[BlackTitle "IM"]
[WhiteElo "1969"]
[BlackElo "2395"]
[WhiteFideId "21857377"]
[BlackFideId "621641"]
[EventDate "2022.12.16"]

1. e4 e5 2. Nf3 Nc6 3. Bc4 Nf6 4. d3 Be7 5. O-O O-O 6. a4 d5 7. exd5 Nxd5 8. Re1
Bg4 9. h3 Bh5 10. g4 Bg6 11. Nxe5 Nxe5 12. Rxe5 c6 13. Bxd5 cxd5 14. Nc3 d4 15.
Rd5 Qb6 16. a5 Qf6 17. Ne4 Qe6 18. Rxd4 f5 19. Ng5 Qf6 20. Qf3 Qxd4 21. Ne6 Qd7
22. Nxf8 Rxf8 23. g5 f4 24. h4 Bf5 25. Qxf4 Bxd3 26. Qg3 Be4 27. Bf4 Bc6 28. Re1
Bc5 29. c3 Qd5 30. Qh2 Qf3 31. Bg3 Rd8 32. b4 Rd1 33. Kf1 Bb5+ 1-0

[Event "European Blitz 2022"]
[Site "Katowice POL"]
[Date "2022.12.16"]
[Round "18.46"]
[White "Sowinski, Pawel"]
[Black "Haydon, David L"]
[Result "0-1"]
[BlackTitle "FM"]
[WhiteElo "2064"]
[BlackElo "2289"]
[WhiteFideId "21881979"]
[BlackFideId "415405"]
[EventDate "2022.12.16"]

1. e4 c6 2. d4 d5 3. e5 Bf5 4. Nf3 e6 5. Be2 Nd7 6. O-O Ne7 7. a4 a5 8. Nbd2 h6
9. b3 c5 10. c3 Nc6 11. Ba3 g5 12. Bb5 g4 13. Ne1 cxd4 14. Bxf8 Kxf8 15. Bxc6
bxc6 16. cxd4 Qb6 17. Nc2 h5 18. Re1 c5 19. dxc5 Nxc5 20. Re3 Bg6 21. Nd4 Nd3
22. Nb5 Rc8 23. Nf1 Nb4 24. Rc1 Rxc1 25. Qxc1 Kg7 26. Rc3 Na2 27. Rc6 Nxc1 28.
Rxb6 Nxb3 29. Nd6 Nc5 30. Rb5 Nxa4 31. Rxa5 Nc3 32. Ra3 Ne2+ 33. Kh1 Rb8 34. g3
Rb1 35. Kg2 Nd4 36. Nd2 Rd1 37. Nf1 Nf3 38. h3 Nxe5 39. Nh2 d4 40. Ra5 Re1 41.
Rc5 d3 42. Rc3 d2 0-1

[Event "European Blitz 2022"]
[Site "Katowice POL"]
[Date "2022.12.16"]
[Round "18.47"]
[White "Licznerski, Lukasz"]
[Black "Koziorowicz, Michal"]
[Result "1/2-1/2"]
[WhiteTitle "IM"]
[BlackTitle "FM"]
[WhiteElo "2441"]
[BlackElo "2348"]
[WhiteFideId "1179250"]
[BlackFideId "21809194"]
[EventDate "2022.12.16"]

1. e4 c5 2. Nf3 d6 3. d4 cxd4 4. Nxd4 Nf6 5. Nc3 g6 6. Be3 Bg7 7. f3 O-O 8. Qd2
Nc6 9. O-O-O d5 10. exd5 Nxd5 11. Nxc6 bxc6 12. Bd4 Bxd4 13. Qxd4 Qb6 14. Na4
Qa5 15. b3 Qc7 16. h4 Rd8 17. c4 Bf5 18. cxd5 cxd5+ 19. Kb2 Rac8 20. Ba6 Rb8 21.
g4 Bd7 22. Rc1 Qg3 23. Nc5 Qxf3 24. Nxd7 Rxd7 25. Rhf1 Qg2+ 26. Rf2 Qh3 27. h5
Qh4 28. Qf4 Rf8 29. hxg6 hxg6 30. Rh2 g5 31. Qe5 1/2-1/2

[Event "European Blitz 2022"]
[Site "Katowice POL"]
[Date "2022.12.16"]
[Round "18.48"]
[White "Kokol, Peter"]
[Black "Stefanova, Antoaneta"]
[Result "0-1"]
[WhiteTitle "FM"]
[BlackTitle "GM"]
[WhiteElo "2347"]
[BlackElo "2442"]
[WhiteFideId "14604523"]
[BlackFideId "2902257"]
[EventDate "2022.12.16"]

1. e4 e5 2. Nc3 Nc6 3. Bc4 d6 4. d3 Na5 5. Bb3 Nxb3 6. axb3 c6 7. f4 g6 8. Nf3
Bg7 9. O-O Ne7 10. Kh1 O-O 11. Qe1 c5 12. fxe5 dxe5 13. Qh4 Nc6 14. Bg5 f6 15.
Be3 b6 16. Nd5 Be6 17. c4 Bxd5 18. exd5 Nb4 19. Rad1 a5 20. Qh3 Qc8 21. Qh4 a4
22. bxa4 Rxa4 23. Qf2 Ra2 24. Qd2 Qd7 25. Ra1 Rfa8 26. Rxa2 Rxa2 27. Qc3 Qd6 28.
Bd2 f5 29. Qb3 Ra8 30. Bxb4 cxb4 31. Ng5 Bh6 32. Ne6 Be3 33. h3 h6 34. Rd1 Kh7
35. d4 exd4 36. Nxd4 Bxd4 37. Rxd4 Re8 38. Rd1 Re2 39. Qd3 Rxb2 40. Qe3 h5 41.
Re1 Ra2 0-1

[Event "European Blitz 2022"]
[Site "Katowice POL"]
[Date "2022.12.16"]
[Round "18.49"]
[White "Przybylski, Wojciech"]
[Black "Horvath, Dominik"]
[Result "1-0"]
[WhiteTitle "FM"]
[BlackTitle "IM"]
[WhiteElo "2321"]
[BlackElo "2502"]
[WhiteFideId "1117599"]
[BlackFideId "1642561"]
[EventDate "2022.12.16"]

1. e4 e5 2. Nf3 Nc6 3. Bb5 a6 4. Ba4 Nf6 5. O-O Be7 6. Re1 b5 7. Bb3 O-O 8. d4
d6 9. c3 Bg4 10. a4 Bxf3 11. gxf3 Na5 12. Bc2 Nh5 13. f4 Nxf4 14. Bxf4 exf4 15.
Qg4 c5 16. Nd2 cxd4 17. cxd4 Nc4 18. Nf3 Nxb2 19. axb5 axb5 20. Rab1 Na4 21.
Rxb5 Nc3 22. Rb3 Qc8 23. Qxf4 Ra2 24. Bd3 Na4 25. e5 Qe6 26. Rb7 d5 27. Bf5 Qc6
28. Rxe7 Nc3 29. Bd3 Ne4 30. Bxe4 dxe4 31. Qxe4 Qh6 32. Qg4 Ra6 33. Kh1 Rb8 34.
Qf5 Rf8 35. d5 Qb6 36. Ng5 g6 37. Qh3 h5 38. Qf3 Qb4 39. Ne4 Qxe1+ 40. Kg2 Ra1
41. Ng3 Qg1+ 42. Kh3 Qd1 43. Qf4 Qxd5 44. e6 Qc5 45. exf7+ Kg7 46. Re5 Qc6 1-0